Effectif Olympique de Marseille 24/25đŸ’™đŸ€ - Statistiques

Statistiques générales
  • Ce quiz a Ă©tĂ© pris 65 fois
  • Le rĂ©sultat moyen est 18 sur 34
Statistiques - réponses
Hint Réponse % Correct
GK Geronimo Rulli
96%
DC Leonardo Balerdi
88%
MC Adrien Rabiot
84%
AD Mason Greenwood
82%
MDC Valentin Rongier
78%
BU Amine Gouiri
74%
DC Geoffrey Kondogbia
74%
Coach Roberto De Zerbi
74%
GK Jeffrey De Lange
72%
AG Luis Henrique
70%
BU Neal Maupay
70%
DD Amir Murillo
68%
DG Quentin Merlin
68%
MOC Amine Harit
64%
MDC Ismael Bennacer
62%
DC Dereck Cornelius
60%
MC Bilal Nadir
58%
AG Jonathan Rowe
58%
DD Pol Lirola
56%
GK Ruben Blanco
56%
DG Ulisses Garcia
54%
DD Amar Dedic
52%
BU Robinio Vaz
46%
MOC Darryl Bakola
36%
AD Keyliane Abdallah
28%
BU Faris Moumbagna
26%
GK Jelle Van Neck
26%
DC Luiz Felipe Ramos
24%
MDC Pierre Emile HĂžbjerg
16%
GK Théo Vermot
14%
MC Gaël Lafont
12%
MC Yanis Sellami
12%
DG Alexis Koum
10%
DC Romy Mimb Baheng
0%
Aucun quiz correspondant
Distribution des résultats
% des personnes avec chaque résultat
Percentile par nombre de réponses
Votre historique - résultats
Vous n’avez pas pris ce quiz